Riadenie rizika v orgánoch štátnej správy a samosprávy

Prognózovanie budúcnosti je spojené s rizikami. Riadenie rizika je súčasťou manažmentu. Koncept riadenia rizika sa začína uplatňovať v podnikateľskej sfére (hlavne v bankách a poisťovniach). Význam rizík v podnikateľskom prostredí. Proces riadenia rizík v orgánoch verejnej správy.

Salvato in:
Dettagli Bibliografici
Autore principale: Klučka, Jozef
Altri autori: Šimák, Ladislav
Natura: Capitolo di libro
Lingua:slovacco
Soggetti:
Tags: Aggiungi Tag
Nessun Tag, puoi essere il primo ad aggiungerne!!

MARC

LEADER 00000naa$a2200000$$$4500
001 0096188
005 20220722100434.5
041 0 |a slo 
044 |a SK 
245 1 0 |a Riadenie rizika v orgánoch štátnej správy a samosprávy  |c Jozef Kľučka, Ladislav Šimák 
520 |a Prognózovanie budúcnosti je spojené s rizikami. Riadenie rizika je súčasťou manažmentu. Koncept riadenia rizika sa začína uplatňovať v podnikateľskej sfére (hlavne v bankách a poisťovniach). Význam rizík v podnikateľskom prostredí. Proces riadenia rizík v orgánoch verejnej správy. 
610 2 0 |a prognózovanie 
610 2 0 |a riziko 
610 2 0 |a riadenie rizík 
610 2 0 |a risk management 
610 2 0 |a prostredie podnikateľské 
610 2 0 |a správa verejná 
100 1 |a Klučka, Jozef 
700 1 |a Šimák, Ladislav